| Record ID | ia:doctordeathmadel0000kaab |
| Source | Internet Archive |
| Download MARC XML | https://archive.org/download/doctordeathmadel0000kaab/doctordeathmadel0000kaab_marc.xml |
| Download MARC binary | https://www.archive.org/download/doctordeathmadel0000kaab/doctordeathmadel0000kaab_meta.mrc |
LEADER: 02935cam a2200589 i 4500
001 ocn895500828
003 OCoLC
005 20151005124144.0
008 141113s2015 nyu 000 1 eng
010 $a2014044129
020 $a9781476731384 (hardcover : alk. paper)
020 $a1476731381 (hardcover : alk. paper)
035 $a(OCoLC)895500828
037 $aBRO-copy20150209-147$aBRO-cust20150212-054
040 $aDLC$beng$erda$cDLC$dOCLCO$dJSE$dSFR$dUtOrBLW
041 1 $aeng$hdan
042 $apcc
043 $ae-fr---
049 $aSFRA
050 00 $aPT8177.21.A24$bK3313 2015
082 00 $a839.813/8$223
092 $aM$bKAABERBO
100 1 $aKaaberbøl, Lene,$eauthor.
240 10 $aKadaverdoktoren.$lEnglish
245 10 $aDoctor Death :$ba Madeleine Karno mystery /$cLene Kaaberbøl ; translated by Elisabeth Dyssegaard.
250 $aFirst Atria Books hardcover edition.
264 1 $aNew York :$bAtria Books,$c2015.
300 $a289 pages ;$c24 cm
336 $atext$btxt$2rdacontent
337 $aunmediated$bn$2rdamedia
338 $avolume$bnc$2rdacarrier
500 $aTranslation from the Danish of: Kadaverdoktoren.
520 $a"Centered around Madeline Karno, an ambitious young woman eager to shatter the confines of 1890s France, this novel is a gripping mystery that takes the reader on a captivating journey to find the cause behind a series of suspicious deaths" --$cProvided by publisher.
650 0 $aForensic pathologists$vFiction.
650 0 $aFathers and daughters$vFiction.
650 0 $aHomicide$vFiction.
651 0 $aFrance$vFiction.
655 7 $aMystery fiction.$2gsafd
700 1 $aDyssegaard, Elisabeth Kallick,$etranslator.
907 $a.b29411403$b12-06-18$c12-04-14
998 $aa5$am4$am6$ap3$aw4$b02-09-15$cm$da $e-$feng$gnyu$h0$i19
907 $a.b29411403$b10-01-15$c12-04-14
975 $aSFR
980 $a0215
998 $a(2)a5$a(3)xfs$a(2)m4$a(2)m6$a(2)p3$a(2)p5$a(2)p9$a(2)s7$a(2)w4$b02-09-15$cm$da$e-$feng$gnyu$h0$i19
994 $aC0$bSFR
999 $yMARS
945 $aM$bKAABERBO$d - - $e11-30-2015 12:50$f0$g0$h01-26-16$i31223112185120$j101$0800$k - - $la5aaa$ol$p$25.00$q $r-$s- $t0$u3$v3$w0$x0$y.i80536694$z02-10-15
945 $aM$bKAABERBO$d - - $e09-11-2017 13:59$f0$g0$h09-22-17$i31223112185146$j241$0203$k - - $lm4aaa$ol$p$25.00$q $r-$s- $t0$u13$v5$w0$x2$y.i80536670$z02-10-15
945 $aM$bKAABERBO$d - - $e12-31-2017 14:51$f0$g0$h01-07-18$i31223112185179$j161$0161$k - - $lm6aaa$o-$p$25.00$q-$r-$s- $t0$u10$v3$w0$x2$y.i80536700$z02-10-15
945 $aM$bKAABERBO$d - - $e11-24-2018 11:13$f0$g0$h12-08-18$i31223112185161$j261$0263$k - - $lp3aaa$ol$p$25.00$q $r-$s- $t0$u12$v1$w2$x1$y.i80536712$z02-10-15
945 $aM$bKAABERBO$d - - $e09-25-2016 13:36$f0$g0$h10-09-16$i31223112185187$j361$0363$k - - $lw4aaa$ol$p$25.00$q $r-$s- $t0$u8$v4$w0$x0$y.i80515204$z02-09-15